UM Logo

Understanding terrorism : (Record no. 20291)

MARC details
000 -LEADER
fixed length control field 00575nam a22001697a 4500
008 - FIXED-LENGTH DATA ELEMENTS--GENERAL INFORMATION
fixed length control field 240515b ||||| |||| 00| 0 eng d
020 ## - INTERNATIONAL STANDARD BOOK NUMBER
International Standard Book Number 9781506385815
082 ## - DEWEY DECIMAL CLASSIFICATION NUMBER
Classification number DC 303.625
Item number M363 2018
100 ## - MAIN ENTRY--PERSONAL NAME
Personal name Martin, Gus.
9 (RLIN) 3873
245 ## - TITLE STATEMENT
Title Understanding terrorism :
Remainder of title challenges, perspective, and issues /
Statement of responsibility, etc. Gus Martin.
250 ## - EDITION STATEMENT
Edition statement Sixth edition.
260 ## - PUBLICATION, DISTRIBUTION, ETC. (IMPRINT)
Place of publication, distribution, etc. California :
Name of publisher, distributor, etc. SAGE Publications,
Date of publication, distribution, etc. ©2018.
300 ## - PHYSICAL DESCRIPTION
Extent xix, 445 pages :
Other physical details color illustrations ;
Dimensions 25 cm.
500 ## - GENERAL NOTE
General note Includes appendices, glossary, and index.
650 ## - SUBJECT ADDED ENTRY--TOPICAL TERM
Topical term or geographic name as entry element Terrorism.
9 (RLIN) 57191
942 ## - ADDED ENTRY ELEMENTS (KOHA)
Source of classification or shelving scheme Dewey Decimal Classification
Koha item type Circulation
Holdings
Withdrawn status Lost status Source of classification or shelving scheme Damaged status Not for loan Collection code Home library Current library Date acquired Source of acquisition Total Checkouts Full call number Barcode Date last seen Price effective from Koha item type
    Dewey Decimal Classification     Circulation UM Digos College - LIC UM Digos College - LIC 08/08/2023 Purchased   DC 303.625 M363 2018 27877 05/15/2025 05/15/2024 Circulation